Warszawa Żoliborz - Ulice na mapie - Statystyki

Ogólne statystyki
  • Ten quiz został rozwiązany 72 razy
    62 od ostatniego zresetowania
  • Średni wynik to 14 z 36
Odpowiedzi na mapie
Odpowiedzi zakodowano w zielono-czerwonej skali na mapie do tego quizu, zgodnie z poniższymi procentami.
 
Statystyki odpowiedzi
Droga Nazwa % Poprawnych
Plac Plac Wilsona
92%
Ulica Mickiewicza
83%
Ulica Krasińskiego
78%
Plac Plac Inwalidów
78%
Ulica Broniewskiego
75%
Ulica Popiełuszki
69%
Ulica Powązkowska
69%
Ulica Słowackiego
69%
Aleja Aleja Wojska Polskiego
53%
Ulica Elbląska
50%
Ulica Włościańska
50%
Ulica Wybrzeże Gdyńskie
50%
Ulica Gwiaździsta
47%
Ulica Przasnyska
47%
Aleja Aleja Armii Krajowej
44%
Ulica Potocka
44%
Aleja Aleja Jana Pawła 2
36%
Ulica Zajączka
36%
Ulica Gdańska
33%
Ulica German
33%
Ulica Sady Żoliborskie
33%
Aleja Aleja Obrońców Grodna
31%
Ulica Braci Załuskich
28%
Ulica Krajewskiego
28%
Aleja Aleja Prymasa Tysiąclecia
25%
Ulica Rydgiera
22%
Ulica Bohomolca
19%
Ulica Czarnieckiego
17%
Ulica Felińskiego
17%
Ulica Mierosławskiego
17%
Ulica Matysiakówny
14%
Ulica Śmiała
14%
Ulica Niegolewskiego
11%
Ulica Kaniowska
8%
Most Most Grota-Rowieckiego
8%
Ulica Promyka
8%
Nie znaleziono quizów pasujących do podanych kryteriów
Rozkład punktacji
Procent ludzi z każdym wynikiem
Percentyl według liczby udzielonych odpowiedzi
Twoja historia wyników
Nie rozwiązałeś tego quizu od ostatniego zresetowania